[Event "Mittelfrank Regionalliga Sud-Ost 2223"]
[Site "Mittelfranken"]
[Date "2022.11.27"]
[Round "3.8"]
[White "Brand, Leonhard"]
[Black "Baier, Felix"]
[Result "1/2-1/2"]
[WhiteElo "1846"]
[BlackElo "1877"]
[PlyCount "107"]
[EventDate "2022.10.09"]
[EventType "team-tourn"]
[EventRounds "9"]
[EventCountry "GER"]
[SourceTitle "EXT 2024"]
[Source "ChessBase"]
[SourceDate "2023.10.10"]
[SourceVersion "1"]
[SourceVersionDate "2023.10.10"]
[SourceQuality "1"]
[WhiteTeam "Freising"]
[BlackTeam "Ilmmuenster"]
[WhiteTeamCountry "GER"]
[BlackTeamCountry "GER"]

1. e4 Nf6 2. e5 Nd5 3. d4 d6 4. Nf3 dxe5 5. Nxe5 c6 6. Bd3 Nd7 7. Nxd7 Bxd7 8. c3 e6 9. 0-0 c5 10. Be3 Nxe3 11. fxe3 Bd6 12. Nd2 Qc7 13. Qh5 g6 14. Qh4 Be7 15. Qf2 f5 16. Nc4 0-0-0 17. Qf4 Qxf4 18. Rxf4 Bg5 19. Nd6+ Kc7 20. Nf7 Bxf4 21. exf4 cxd4 22. Nxh8 Rxh8 23. cxd4 Kd6 24. Bc4 Rc8 25. Bb3 a5 26. a4 Rc6 27. Kf2 Rb6 28. Ra3 Bc6 29. Ke3 Bxg2 30. Kd3 Be4+ 31. Kc3 Bd5 32. Bxd5 Kxd5 33. Ra1 Rb4 34. Re1 Rc4+ 35. Kb3 Rxd4 36. Re5+ Kd6 37. Rxa5 Rxf4 38. Rb5 Kc6 39. Re5 Re4 40. Rxe4 fxe4 41. Kc3 Kc5 42. b4+ Kd5 43. a5 Kc6 44. Kc4 e5 45. b5+ Kd6 46. Kc3 Kc5 47. a6 bxa6 48. bxa6 Kb6 49. Kd2 Kxa6 50. Ke3 Kb6 51. Kxe4 Kc6 52. Kxe5 Kd7 53. Kf6 Ke8 54. Kg7 1/2-1/2

[Event "Regionalliga SO 1516"]
[Site "Bayern"]
[Date "2015.10.11"]
[Round "1.8"]
[White "Baier, Felix"]
[Black "Swoboda, Philipp"]
[Result "0-1"]
[WhiteElo "1959"]
[BlackElo "1994"]
[PlyCount "82"]
[EventDate "2015.10.11"]
[EventType "team-tourn"]
[EventRounds "9"]
[EventCountry "GER"]
[SourceTitle "EXT 2018"]
[Source "ChessBase"]
[SourceDate "2017.10.13"]
[SourceVersion "1"]
[SourceVersionDate "2017.10.13"]
[SourceQuality "1"]
[WhiteTeam "Ilmmuenster"]
[BlackTeam "Roehrnbach"]
[WhiteTeamCountry "GER"]
[BlackTeamCountry "GER"]

1. e4 e5 2. Bc4 Nf6 3. d3 Nc6 4. Nf3 Bc5 5. 0-0 d6 6. c3 a6 7. Nbd2 h6 8. Bb3 0-0 9. h3 Ba7 10. Re1 Nh5 11. Nc4 Qf6 12. Ne3 Nf4 13. Nd5 Nxd5 14. exd5 Ne7 15. Be3 Nf5 16. Bxa7 Rxa7 17. d4 Re8 18. dxe5 dxe5 19. Qd3 Ra8 20. c4 Bd7 21. Bc2 g6 22. Nd2 Nd4 23. Rac1 Rad8 24. Qe3 Kh7 25. Ne4 Qg7 26. g4 f5 27. Nc5 fxg4 28. Nxd7 Qxd7 29. Qe4 Nxc2 30. Rxc2 gxh3 31. Kh2 Qf5 32. Qxf5 gxf5 33. Rce2 e4 34. Kxh3 Rg8 35. f3 exf3 36. Re7+ Rg7 37. Rxg7+ Kxg7 38. Re7+ Kf6 39. Rxc7 Rg8 40. d6 f2 41. d7 f1Q+ 0-1

[Event "Regionalliga SO 1415"]
[Site "Bayern"]
[Date "2015.02.22"]
[Round "7.7"]
[White "Baier, Felix"]
[Black "Guggenberger, Guido"]
[Result "1-0"]
[WhiteElo "1959"]
[BlackElo "1908"]
[PlyCount "79"]
[EventDate "2014.10.19"]
[EventType "team-tourn"]
[EventRounds "9"]
[EventCountry "GER"]
[SourceTitle "EXT 2018"]
[Source "ChessBase"]
[SourceDate "2017.10.13"]
[SourceVersion "1"]
[SourceVersionDate "2017.10.13"]
[SourceQuality "1"]
[WhiteTeam "Ilmmuenster"]
[BlackTeam "Tegernsee"]
[WhiteTeamCountry "GER"]
[BlackTeamCountry "GER"]

1. e4 e5 2. Bc4 Nc6 3. Nf3 Be7 4. 0-0 Nf6 5. d3 0-0 6. Bb3 d6 7. c3 Kh8 8. Nbd2 Ng8 9. Re1 f5 10. exf5 Bxf5 11. Ne4 d5 12. Ng3 Bg4 13. h3 Bxf3 14. gxf3 Bf6 15. Kh2 Nge7 16. Nh5 Qd6 17. d4 exd4+ 18. Bf4 Be5 19. Bxe5 Nxe5 20. f4 N5c6 21. Qg4 Qg6 22. Qf3 Qf5 23. Rg1 g6 24. Ng3 Qxf4 25. Qxf4 Rxf4 26. Kg2 Raf8 27. Rgf1 dxc3 28. bxc3 Kg7 29. Rad1 Rd8 30. Rfe1 Rf7 31. c4 Na5 32. Ne4 Nxb3 33. axb3 Rdf8 34. cxd5 Rf5 35. Nc5 Rxf2+ 36. Kg1 R8f7 37. Rxe7 b6 38. Ne6+ Kh6 39. Rxf7 Rxf7 40. Rc1 1-0

[Event "Augsburg op"]
[Site "Augsburg"]
[Date "2013.12.29"]
[Round "5"]
[White "Baier, Felix"]
[Black "Seisenberger, Georg"]
[Result "1/2-1/2"]
[WhiteElo "1854"]
[BlackElo "2051"]
[PlyCount "129"]
[EventDate "2013.12.27"]
[EventType "swiss"]
[EventRounds "7"]
[EventCountry "GER"]
[SourceTitle "CBM 158 Extra"]
[Source "ChessBase"]
[SourceDate "2014.02.28"]
[SourceVersion "1"]
[SourceVersionDate "2014.02.28"]
[SourceQuality "1"]

1. d4 Nf6 2. Bf4 d5 3. Nf3 c5 4. e3 Nc6 5. c3 Qb6 6. Qb3 c4 7. Qc2 g6 8. Nbd2 Bf5 9. Qc1 Qd8 10. h3 Bg7 11. g4 Be4 12. Nxe4 Nxe4 13. Nd2 Nxd2 14. Qxd2 0-0 15. Be2 e5 16. Bg3 Qd7 17. 0-0 f5 18. dxe5 Nxe5 19. Bxe5 Bxe5 20. Bxc4 Rad8 21. Rad1 Qe7 22. Bxd5+ Kh8 23. Qe2 fxg4 24. Qxg4 Rf5 25. f4 Bxf4 26. exf4 Qc5+ 27. Kh1 Rfxd5 28. Qf3 Qc6 29. Rxd5 Rxd5 30. Kg2 Qd7 31. Rf2 Rd3 32. Qg4 Qd5+ 33. Kh2 Rd1 34. Qg2 Qxa2 35. Qxb7 Qe6 36. Qb8+ Kg7 37. Qxa7+ Kh6 38. Qc5 Qe4 39. Qg5+ Kg7 40. Qe5+ Qxe5 41. fxe5 Re1 42. Kg3 Rxe5 43. b4 Re3+ 44. Rf3 Re1 45. b5 Rb1 46. c4 Rb4 47. Rf4 g5 48. Rd4 h5 49. Kf2 Kf6 50. Ke3 h4 51. Kf3 Ke5 52. Rd5+ Kf6 53. Rc5 Rb3+ 54. Kg4 Rg3+ 55. Kh5 Rxh3 56. b6 Rb3 57. Rb5 Rxb5 58. cxb5 h3 59. b7 h2 60. b8Q h1Q+ 61. Kg4 Qh4+ 62. Kf3 Qh1+ 63. Kg4 Qd1+ 64. Kh3 Qf1+ 65. Kg3 1/2-1/2

[Event "Augsburg op"]
[Site "Augsburg"]
[Date "2013.12.27"]
[Round "1"]
[White "Baier, Felix"]
[Black "Grimberg, Boris"]
[Result "0-1"]
[WhiteElo "1854"]
[BlackElo "2382"]
[PlyCount "44"]
[EventDate "2013.12.27"]
[EventType "swiss"]
[EventRounds "7"]
[EventCountry "GER"]
[SourceTitle "CBM 158 Extra"]
[Source "ChessBase"]
[SourceDate "2014.02.28"]
[SourceVersion "1"]
[SourceVersionDate "2014.02.28"]
[SourceQuality "1"]

1. e4 g6 2. d4 Bg7 3. Nf3 d6 4. Nc3 Nf6 5. Bd3 0-0 6. Be3 Nc6 7. h3 e5 8. dxe5 dxe5 9. a3 Nh5 10. Bc4 Nd4 11. g4 Nf4 12. Bxf4 exf4 13. Nd5 Ne6 14. c3 a5 15. Qb3 Nc5 16. Qc2 c6 17. Nxf4 Qf6 18. Qc1 g5 19. Nh5 Qxf3 20. Ng3 Nxe4 21. Be2 Qxf2+ 22. Kd1 Nxg3 0-1

[Event "Seebach op 23rd"]
[Site "Grossenseebach"]
[Date "2012.06.10"]
[Round "7"]
[White "Bunk, Karsten"]
[Black "Baier, Felix"]
[Result "1-0"]
[WhiteElo "2084"]
[BlackElo "1798"]
[PlyCount "55"]
[EventDate "2012.06.07"]
[EventType "swiss"]
[EventRounds "7"]
[EventCountry "GER"]
[SourceTitle "EXT 2013"]
[Source "ChessBase"]
[SourceDate "2012.11.22"]
[SourceVersion "1"]
[SourceVersionDate "2012.11.22"]
[SourceQuality "1"]

1. c4 f5 2. g3 Nf6 3. Bg2 g6 4. Nc3 Bg7 5. d3 0-0 6. e4 fxe4 7. dxe4 e5 8. Nge2 Nc6 9. 0-0 d6 10. h3 Be6 11. Nd5 Qd7 12. Kh2 Rac8 13. Be3 Qf7 14. Qd2 Rfd8 15. Rac1 Qf8 16. b4 h6 17. b5 Bxd5 18. cxd5 Ne7 19. Qa5 Ne8 20. f4 b6 21. Qd2 Nf6 22. fxe5 dxe5 23. Qb4 Rd7 24. Rc2 g5 25. Nc1 Qd8 26. Nd3 Ne8 27. Rfc1 Nd6 28. Bf3 1-0

[Event "Seebach op 23rd"]
[Site "Grossenseebach"]
[Date "2012.06.07"]
[Round "1"]
[White "Baier, Felix"]
[Black "Walter, Thomas"]
[Result "0-1"]
[WhiteElo "1798"]
[BlackElo "2090"]
[PlyCount "90"]
[EventDate "2012.06.07"]
[EventType "swiss"]
[EventRounds "7"]
[EventCountry "GER"]
[SourceTitle "EXT 2013"]
[Source "ChessBase"]
[SourceDate "2012.11.22"]
[SourceVersion "1"]
[SourceVersionDate "2012.11.22"]
[SourceQuality "1"]

1. e4 c5 2. c3 g6 3. d4 cxd4 4. cxd4 d5 5. e5 Nc6 6. Be3 Nh6 7. Nf3 Bg4 8. Be2 Bxf3 9. Bxf3 Nf5 10. Nc3 e6 11. g4 Nxe3 12. fxe3 Qh4+ 13. Ke2 a6 14. Qe1 Qe7 15. Bxd5 Nxe5 16. Qg3 Nd7 17. Bxb7 Rb8 18. Bc6 Rxb2+ 19. Kd3 Qd6 20. Qxd6 Bxd6 21. Rab1 Rxb1 22. Rxb1 Kd8 23. Rb7 Nb8 24. Ba4 Bc7 25. Ne4 Kc8 26. Nc5 h5 27. g5 h4 28. h3 Rd8 29. Kc4 Rd5 30. Be8 Rxc5+ 31. Kxc5 Kxb7 32. Bxf7 Nd7+ 33. Kc4 Nf8 34. d5 e5 35. Kc5 Nd7+ 36. Kc4 Nf8 37. Kc5 Kc8 38. d6 Bd8 39. Kd5 Bxg5 40. Kxe5 Bxe3 41. Kf6 Kd7 42. Kg7 Ne6+ 43. Kxg6 Kxd6 44. Kf5 Nd8 45. Be8 Kd5 0-1

[Event "Schwarzach op-B 26th"]
[Site "Schwarzach"]
[Date "2011.08.20"]
[Round "1.7"]
[White "Baier, Felix"]
[Black "Haselgruebler, Reinhold"]
[Result "1/2-1/2"]
[WhiteElo "1740"]
[BlackElo "1916"]
[PlyCount "39"]
[EventDate "2011.08.20"]
[EventType "swiss"]
[EventRounds "9"]
[EventCountry "AUT"]
[SourceTitle "EXT 2024"]
[Source "ChessBase"]
[SourceDate "2023.10.10"]
[SourceVersion "1"]
[SourceVersionDate "2023.10.10"]
[SourceQuality "1"]

1. e4 c5 2. c3 d5 3. exd5 Qxd5 4. d4 Nf6 5. Nf3 Bg4 6. Be2 e6 7. Be3 cxd4 8. Qxd4 Nc6 9. Qa4 Be7 10. 0-0 0-0 11. h3 Bh5 12. Rd1 Qa5 13. Qxa5 Nxa5 14. Nbd2 Nd5 15. Bd4 Nc6 16. Ne4 Nf4 17. Kf1 Nxe2 18. Kxe2 Nxd4+ 19. Rxd4 e5 20. Rd7 1/2-1/2

[Event "Feffernitz Raika op 18th"]
[Site "Feffernitz"]
[Date "2009.08.16"]
[Round "1"]
[White "Baier, Felix"]
[Black "Mitter, Gerd"]
[Result "0-1"]
[WhiteElo "1750"]
[BlackElo "2205"]
[PlyCount "82"]
[EventDate "2009.08.16"]
[EventType "swiss"]
[EventRounds "9"]
[EventCountry "AUT"]
[SourceTitle "CBM 131 Extra"]
[Source "ChessBase"]
[SourceDate "2009.09.03"]
[SourceVersion "2"]
[SourceVersionDate "2009.09.16"]
[SourceQuality "1"]

1. e4 Nf6 2. e5 Nd5 3. c4 Nb6 4. d4 d6 5. exd6 cxd6 6. Nf3 g6 7. Bd3 Bg7 8. 0-0 0-0 9. Be3 Bg4 10. h3 Bxf3 11. Qxf3 Nc6 12. Qf4 e5 13. Qg3 exd4 14. Bf4 Ne5 15. Nd2 Rc8 16. b3 Nxd3 17. Qxd3 d5 18. Rac1 Qf6 19. Bg3 dxc4 20. Nxc4 Nxc4 21. Rxc4 Qa6 22. Rfc1 Rxc4 23. Rxc4 h5 24. Qd2 Re8 25. Ra4 Qb6 26. Qb4 Qxb4 27. Rxb4 d3 28. Bf4 Re7 29. Rc4 Re1+ 30. Kh2 Re2 31. Rc8+ Kh7 32. Rd8 Rxf2 33. Kg3 Rxa2 34. Rxd3 Rc2 35. Rd7 Rc3+ 36. Kf2 Rxb3 37. Rxf7 Kg8 38. Rd7 Bf6 39. Be3 a5 40. Rd6 Kf7 41. Rd7+ Ke6 0-1

[Event "GER-ch Net qual2 U14"]
[Site "Playchess.com INT"]
[Date "2009.05.13"]
[Round "2"]
[White "Baier, Felix"]
[Black "Golosnyak, Alexander"]
[Result "1-0"]
[WhiteElo "1523"]
[BlackElo "1462"]
[PlyCount "39"]
[EventDate "2009.05.13"]
[EventType "swiss (blitz)"]
[EventRounds "7"]
[EventCountry "GER"]
[SourceTitle "CBM 130 Extra"]
[Source "ChessBase"]
[SourceDate "2009.07.02"]
[SourceVersion "2"]
[SourceVersionDate "2009.07.15"]
[SourceQuality "1"]

1. e4 e5 2. Bc4 Nf6 3. d3 Nc6 4. Nf3 Bc5 5. 0-0 0-0 6. Bb3 d6 7. c3 Bg4 8. h3 Bh5 9. Nbd2 Qe7 10. Re1 Rfe8 11. Nf1 Rad8 12. Ng3 Bg6 13. Nh4 a6 14. Nhf5 Qd7 15. Qf3 Bxf5 16. Nxf5 Ne7 17. Nh6+ gxh6 18. Qxf6 Ng6 19. Bxh6 Re6 20. Qg7# 1-0

[Event "GER-ch Net qual1 U14"]
[Site "Playchess.com INT"]
[Date "2009.05.10"]
[Round "2"]
[White "Baier, Felix"]
[Black "Hapke, Moritz"]
[Result "0-1"]
[WhiteElo "1523"]
[BlackElo "1358"]
[PlyCount "70"]
[EventDate "2009.05.10"]
[EventType "swiss (blitz)"]
[EventRounds "7"]
[EventCountry "GER"]
[SourceTitle "CBM 130 Extra"]
[Source "ChessBase"]
[SourceDate "2009.07.02"]
[SourceVersion "2"]
[SourceVersionDate "2009.07.15"]
[SourceQuality "1"]

1. e4 e5 2. Bc4 Bc5 3. Nf3 Nf6 4. d3 Nc6 5. 0-0 d6 6. c3 Bg4 7. h3 Bh5 8. Bb3 0-0 9. Nbd2 Bxf3 10. Qxf3 d5 11. Re1 dxe4 12. Nxe4 Nxe4 13. Rxe4 Kh8 14. Qg3 Qf6 15. Bg5 Qg6 16. Rg4 h5 17. Qh4 Na5 18. Be7 Bxe7 19. Rxg6 Bxh4 20. Rg3 Bxg3 21. fxg3 Nxb3 22. axb3 f5 23. Re1 Rfe8 24. Rf1 g6 25. g4 hxg4 26. hxg4 fxg4 27. Rf7 Rac8 28. Rf6 Kg7 29. Rf2 Rf8 30. Rd2 Rfe8 31. Rf2 Rcd8 32. d4 exd4 33. cxd4 Rxd4 34. Rc2 Re1+ 35. Kh2 Re7 0-1

[Event "GER-ch Net qual1 U14"]
[Site "Playchess.com INT"]
[Date "2009.05.10"]
[Round "5"]
[White "Baier, Felix"]
[Black "Sakel, Nicolai"]
[Result "1-0"]
[WhiteElo "1523"]
[BlackElo "1479"]
[PlyCount "99"]
[EventDate "2009.05.10"]
[EventType "swiss (blitz)"]
[EventRounds "7"]
[EventCountry "GER"]
[SourceTitle "CBM 130 Extra"]
[Source "ChessBase"]
[SourceDate "2009.07.02"]
[SourceVersion "2"]
[SourceVersionDate "2009.07.15"]
[SourceQuality "1"]

1. e4 Nc6 2. Bc4 Ne5 3. Bb3 e6 4. d4 Ng6 5. Nf3 d5 6. e5 c5 7. c3 c4 8. Bc2 N8e7 9. 0-0 Nc6 10. a3 b5 11. Bg5 Be7 12. Bxe7 Qxe7 13. Nbd2 0-0 14. Re1 Bb7 15. Nf1 f6 16. exf6 Qxf6 17. Ng3 Rae8 18. Re3 a5 19. Qe2 e5 20. dxe5 Ngxe5 21. Re1 Nxf3+ 22. Qxf3 Qxf3 23. gxf3 Rxe3 24. Rxe3 d4 25. cxd4 Nxd4 26. Be4 Nxf3+ 27. Bxf3 Bxf3 28. Re5 Rb8 29. Nf5 Rd8 30. h4 Rd5 31. Rxd5 Bxd5 32. Ne7+ Kf7 33. Nxd5 Ke6 34. Ne3 Ke5 35. Kf1 Ke4 36. Ke2 h6 37. f3+ Kd4 38. Nf5+ Kc5 39. Nxg7 b4 40. axb4+ axb4 41. Kd2 Kd4 42. Nf5+ Ke5 43. Nxh6 Kf6 44. Ng4+ Kf5 45. h5 Kg5 46. h6 Kg6 47. f4 Kh7 48. f5 Kg8 49. f6 Kh8 50. f7 1-0

[Event "GER-ch Net qual1 U14"]
[Site "Playchess.com INT"]
[Date "2009.05.10"]
[Round "4"]
[White "Wachsmann, Dietmar"]
[Black "Baier, Felix"]
[Result "1/2-1/2"]
[WhiteElo "1360"]
[BlackElo "1523"]
[PlyCount "43"]
[EventDate "2009.05.10"]
[EventType "swiss (blitz)"]
[EventRounds "7"]
[EventCountry "GER"]
[SourceTitle "CBM 130 Extra"]
[Source "ChessBase"]
[SourceDate "2009.07.02"]
[SourceVersion "2"]
[SourceVersionDate "2009.07.15"]
[SourceQuality "1"]

1. e4 d5 2. exd5 Qxd5 3. Nc3 Qa5 4. d4 Nf6 5. Bd2 c6 6. Bc4 Qc7 7. Nf3 Bf5 8. 0-0 e6 9. Re1 Be7 10. g3 0-0 11. Bf4 Bd6 12. Bxd6 Qxd6 13. Bf1 Nbd7 14. Bg2 Nb6 15. Ne5 Nbd5 16. Qd2 Nxc3 17. Qxc3 Nd5 18. Qb3 Rab8 19. c3 Qc7 20. Qa4 a6 21. Qd1 Rfd8 22. Qh5 1/2-1/2